| 000 | 00381nam a22001457a 4500 | ||
|---|---|---|---|
| 020 | _a9780716720799 | ||
| 040 | _cNust | ||
| 082 |
_a546 _bSHARI'S |
||
| 100 |
_aD.F Shrivar _9126148 |
||
| 110 |
_aP.W Atkins, C.H Langford _9126149 |
||
| 245 | _aInorganic Chemistry | ||
| 260 |
_aNew York: _bW.H Freeman Company, _c1990. |
||
| 650 |
_aInorganic Chemistry _961249 |
||
| 942 |
_2ddc _cBK |
||
| 999 |
_c611920 _d611920 |
||